LEADER 01315nam a2200289 a 4500 001 000000126687 003 CaOOAMICUS 005 20111025132642.0 008 111025t2011 it a 000 u ita r 020 $a978-88-10-21129-8 040 $aPUL$bita 082 04$a226.5 100 1 $aD'Alessio, Davide,$d1969-$0(OLS)http://pul/name/37590 245 14$aUna comunitą di uomini liberi :$bsui passi del Vangelo di Giovanni /$cRenzo Mandirola. 260 $aBologna :$bEdizioni Dehoniane,$c©2011. 300 $a175 p. :$bill. ;$c21 cm. 490 1 $aLettura pastorale della Bibbia.$aBibbia e spiritualitą ;$v36 630 04$aBiblia.$pN.T.$pIohannes$xCommenti.$0(OLS)http://pul/subject/37921 830 0$aLettura pastorale della Bibbia.$pBibbia e spiritualitą ;$v36.$0(OLS)http://pul/title/65095 850 $aPUL 852 $aPUL$W1$xSL Religione 3$y85$m226. 5 DALDA 1$j146472$qDDC 21$B145179$CPULBib$Z2$F145179 $H118226 $82 941 1 $a9 996 $6020$a978-88-10-21129-8$9(OLS)http://pul/number/148242 996 $6082$a226.5$9(OLS)http://pul/classification/641 996 $6245$aUna comunitą di uomini liberi :$bsui passi del Vangelo di Giovanni$9(OLS)http://pul/title/160019 996 $6260$aBologna :$bEdizioni Dehoniane$9(OLS)http://pul/publisher/48070 LEADER 01425nam a2200289 a 4500 001 000000128962 003 CaOOAMICUS 005 20120518171445.0 008 120518s2012 it o u000 u ita r 040 $aPUL$bita 082 04$a770 245 00$a1921-1930 :$bi ruggenti anni Venti e la grande crisi. 246 33$aMillenovecentoventuno-millenovecentotrenta :$bi ruggenti anni Venti e la grande crisi 260 $aFirenze :$bE-ducation.it S.p.a.,$c2012$aMilano :$bArnoldo Mondadori,$c2012. 300 $a190 p. :$bfoto. ;$c26 cm. 490 1 $aStoria e fotografia. Un secolo di immagini ;$v2 651 4$aItalia$xStoria$ySec. XX.$0(OLS)http://pul/subject/6333 830 0$aStoria e fotografia. Un secolo di immagini ;$v2.$0(OLS)http://pul/title/162441 850 $aPUL 852 $aPUL$W1$xDP2 Cons. Gen., Altre Classi 3$y97$m770 COLL 1.2$j149350$qDDC 21$B147874$CPULBib$Z2$F147874 $H119472 $82 941 1 $a9 996 $6082$a770$9(OLS)http://pul/classification/2244 996 $6246$aMillenovecentoventuno-millenovecentotrenta :$bi ruggenti anni Venti e la grande crisi$9(OLS)http://pul/title/162961 996 $6245$a1921-1930 :$bi ruggenti anni Venti e la grande crisi$9(OLS)http://pul/title/162960 996 $6260$aFirenze :$bE-ducation.it S.p.a.$9(OLS)http://pul/publisher/81559 996 $6260$aMilano :$bArnoldo Mondadori$9(OLS)http://pul/publisher/60431